00671nam a2200169 a 450000100100000000500170001000800410002704000250006808200150009310000440010824500920015226000890024430000290033304900090036295201130037199900170048400003003720200930060006.0110428s1999 dr a 000 0 spa d aDO-SdBNPbspacBNPHU axxxbG669i1 aGoris Suárez, David de Jesús95675013aEl interesante mundo de las señales de tránsito /cDavid de Jesús Goris Suárez. aSanto Domingo :bSecretaría de Estado de Obras Públicas y Comunicaciones,c1999. a[30] p. :bil. ;c21 cm. aBNPD 0010718PDaPDbPDcCTd2011-04-28iLF1l0oxxx G669ip30037-10r2020-06-25w2020-06-25yLFPDZNo se presta c29529d29529